00234nam a2200097Ia 4500008004100000100002200041245004000063260000900103942000700112999001700119190216s9999||||xx |||||||||||||| ||und|| aManohar R Wahwani 2aA Cultural History Of Ancient India bNull cBK c19505d19505